00810cam a22002171 4500001001300000003000400013005001700017008004100034010001700075035002000092040004300112042001200155050002400167110009600191245015000287260004800437300002300485650002400508650004300532999001700575l 59000058 DLC20260227111545.0840403s1959 dcu f000 0 eng c al 59000058  a(OCoLC)10586467 aU.S. Dept. of Labor LibrarycAMAUdDLC apremarc00aHD5325b.I5 1959.U51 aUnited States.bBoard of Inquiry to Report on a Labor Dispute Affecting the Steel Industry.00aReport to the President;bthe 1959 labor dispute in the steel industry, submitted by the Board of Inquiry under Executive orders 10843 and 10848. aWashington,bU.S. Govt. Print. Off.,c1959. aiii, 40 p.c23 cm. 0aSteel Strike, 1959. 0aIron and steel workerszUnited States. c36998d36998